Geography Quiz

Random Geography or City Quiz

US Cities - Last Words Quiz Stats

 Plays Quiz Updated Dec 29, 2018

Challenge
Share
Tweet
Embed
Score 0/20 Timer 08:00
9 Plays Today
Number of places Word % Correct
587City
94.4%
324Lake
61.5%
84River
59.5%
192Hill
49.1%
181Beach
47.3%
105Falls
45.5%
321Park
37.7%
210Valley
36.9%
243Springs
36.8%
163Village
32.3%
Number of places Word % Correct
222Creek
29.2%
79Island
28.7%
180Hills
28.7%
196Heights
22.1%
146Grove
20.3%
122Point
14.6%
79Lakes
13.5%
88Ridge
11.9%
110Center
11%
73Estates
4.8%

You're not logged in!

Compare scores with friends on all Sporcle quizzes.
OR
Log In

You Might Also Like...

Show Comments

Extras

Top Quizzes Today


Score Distribution

Your Account Isn't Verified!

In order to create a playlist on Sporcle, you need to verify the email address you used during registration. Go to your Sporcle Settings to finish the process.

Report this User

Report this user for behavior that violates our Community Guidelines.

Details: